01148naa a2200181 a 450000100080000000500110000800800410001910000170006024500440007726000090012152006720013065300150080265300150081765300180083265300110085065300120086177300930087311282522019-01-23 2017 bl uuuu u00u1 u #d1 aGIEHL, A. L. aCarne de frango.h[electronic resource] c2017 aEste artigo apresenta o desempenho da produ????o e do mercado de frangos em escala mundial, nacional e estadual. S??o apresentados dados de produ????o, demanda, exporta????o e importa????o, n??mero de avicultores, pre??os ao produtor, custos de produ????o, distribui????o geogr??fica da produ????o e perspectivas de futuro para o setor. Os dados s??o relativos principalmente aos anos de 2016 e 2017 (estes ??ltimos parciais), mas na maioria dos casos tamb??m s??o apresentadas informa????es referentes a per??odos anteriores. As principais fontes de dados utilizadas para a elabora????o das tabelas e gr??ficos foram: USDA, IBGE, MDIC/Aliceweb, Cidasc e Epagri/Cepa. aavicultura adesempenho aexporta????es aFrango amercado tS??ntese da Agricultura de Santa Catarina 2016 - 2017, Florian??polis, p. 128-139, 2017.